Scottish Planning Policy SPP 17 (Record no. 105854)

MARC details
000 -LEADER
fixed length control field 01330cam a2200253 4500
001 - CONTROL NUMBER
control field ##E134904
008 - FIXED-LENGTH DATA ELEMENTS--GENERAL INFORMATION
fixed length control field 060821n2005 000 0 eng u
020 ## - INTERNATIONAL STANDARD BOOK NUMBER
International Standard Book Number 0755926315
035 ## - SYSTEM CONTROL NUMBER
System control number (Sirsi) u134939
041 0# - LANGUAGE CODE
Language code of text/sound track or separate title eng
050 04 - LIBRARY OF CONGRESS CALL NUMBER
Classification number 711.1 $2 18
110 2# - MAIN ENTRY--CORPORATE NAME
Corporate name or jurisdiction name as entry element Scotland
Subordinate unit Scottish Executive Development Department
245 00 - TITLE STATEMENT
Title Scottish Planning Policy SPP 17
Remainder of title planning for transport
260 ## - PUBLICATION, DISTRIBUTION, ETC.
Place of publication, distribution, etc. Edinburgh
Name of publisher, distributor, etc. Scottish Executive Development Department
Date of publication, distribution, etc. 2005
300 ## - PHYSICAL DESCRIPTION
Extent 22p.
Dimensions 30cm.
490 #0 - SERIES STATEMENT
Series statement Scottish Planning Policies
520 ## - SUMMARY, ETC.
Summary, etc. The national focus on transport is now on the delivery of projects. Integration of land use and transport planning can play a postive role in supporting the Scottish Executive's transport delivery agenda.
520 ## - SUMMARY, ETC.
Summary, etc. This SPP replaces NPPG 9 The Provision of Roadside Facilities on Motorways and Other Trunk Roads in Scotland, NPPG 17 Transport and Planning and SPP17 Transport and Planning Maximum Parking Standards Addendum to NPPG 17. Background material and good practice is in Planning Advice Note 75 (ISBN 0755926323).
650 24 - SUBJECT ADDED ENTRY--TOPICAL TERM
Topical term or geographic name entry element SPP17
651 #4 - SUBJECT ADDED ENTRY--GEOGRAPHIC NAME
Geographic name Scotland
Chronological subdivision 1999-
690 ## - LOCAL SUBJECT ADDED ENTRY--TOPICAL TERM (OCLC, RLIN)
Topical term or geographic name as entry element Planning and development
9 (RLIN) 6259
856 40 - ELECTRONIC LOCATION AND ACCESS
Uniform Resource Identifier <a href="https://www.scotland.gov.uk/Publications/2005/08/16154406/44078">https://www.scotland.gov.uk/Publications/2005/08/16154406/44078</a>
Hours access method available View the document free of charge at www.scotland.gov.uk...
942 ## - ADDED ENTRY ELEMENTS (KOHA)
Suppress in OPAC 0
Holdings
Withdrawn status Lost status Source of classification or shelving scheme Damaged status Not for loan Home library Current library Shelving location Date acquired Total Checkouts Full call number Barcode Date last seen Copy number Price effective from Koha item type
    Dewey Decimal Classification     Virtual Virtual Online 12/09/2006   ONLINE PUBLICATION 134939-2001 06/08/2019 1 06/08/2019 Book